| 000 | 00889nam a2200181 i 4500 | ||
|---|---|---|---|
| 001 | 163437 | ||
| 003 | ES-MaACL | ||
| 005 | 20250718042052.0 | ||
| 008 | 050727s1846 sp |||| | spa d | ||
| 100 | 1 |
_aSolís y Manso, Luis de _cMarqués de Rianzuela. _9150371 |
|
| 245 | 1 | 0 |
_aObservaciones críticas sobre el plan y reglamento de estudios vigentes : _bprecedidas de un breve discurso relativo a la enseñanza / _cpor el marqués de Rianzuela. |
| 260 |
_aSevilla : _b[s.n.], _c1846 ( _fImp. de Francisco Álvarez y Compañía) |
||
| 300 |
_a63 p. ; _c21 cm. |
||
| 650 | 4 |
_aEnseñanza- _zEspaña- _yS.XIX _912286 |
|
| 852 | 4 |
_aES-MaACL _jT-7-F-5 _z- Enc. hol., falto de cub. original _z- Enc. en un vol. facticio |
|
| 852 | 4 |
_aES-MaACL _jT-29-F-12 _z- Enc. hol., falto de cub. original _z- Enc. en un vol. facticio _z- Donación del autor |
|
| 999 |
_c163437 _d163437 |
||